[Event "Muensterland Regionalliga Gr2 2223"]
[Site "Germany"]
[Date "2023.02.25"]
[Round "5.5"]
[White "Hater, Wolfgang"]
[Black "Gehlen, Horst"]
[Result "1-0"]
[WhiteElo "1983"]
[BlackElo "1765"]
[PlyCount "69"]
[EventDate "2022.09.03"]
[EventType "team-tourn"]
[EventRounds "5"]
[EventCountry "GER"]
[SourceTitle "EXT 2024"]
[Source "ChessBase"]
[SourceDate "2023.10.10"]
[SourceVersion "1"]
[SourceVersionDate "2023.10.10"]
[SourceQuality "1"]
[WhiteTeam "Suedlohn"]
[BlackTeam "Duelmen"]
[WhiteTeamCountry "GER"]
[BlackTeamCountry "GER"]

1. e4 c5 2. Nf3 d6 3. d3 Nf6 4. c3 Nbd7 5. Nbd2 g6 6. d4 cxd4 7. cxd4 Bg7 8. Bd3 0-0 9. Qe2 e5 10. d5 Nh5 11. Nc4 Nc5 12. Bc2 b5 13. Ne3 Nf4 14. Qd1 Ba6 15. b4 Nd7 16. g3 Nh3 17. Kf1 Bc8 18. Bd3 Nb6 19. Kg2 Nc4 20. Rf1 Bd7 21. Rb1 Rc8 22. Ng1 Nxg1 23. Rxg1 f5 24. f3 Qf6 25. Kh1 fxe4 26. Bxe4 Bf5 27. Ng4 Bxg4 28. fxg4 h6 29. Rb3 Qf2 30. g5 h5 31. Bxg6 e4 32. Qxh5 Rf3 33. Bxe4 Rxb3 34. axb3 Ne3 35. Bxe3 1-0

[Event "NRW Class2 1718"]
[Site "Germany"]
[Date "2018.04.08"]
[Round "8.8"]
[White "Hater, Wolfgang"]
[Black "Rosen, Willy"]
[Result "1/2-1/2"]
[WhiteElo "1993"]
[BlackElo "2084"]
[PlyCount "85"]
[EventDate "2017.09.17"]
[EventType "team-tourn"]
[EventRounds "9"]
[EventCountry "GER"]
[SourceTitle "EXT 2019"]
[Source "ChessBase"]
[SourceDate "2018.10.10"]
[SourceVersion "1"]
[SourceVersionDate "2018.10.10"]
[SourceQuality "1"]
[WhiteTeam "Suedlohn"]
[BlackTeam "Essen Katernberg  II"]
[WhiteTeamCountry "GER"]
[BlackTeamCountry "GER"]

1. e4 c5 2. Nf3 Nc6 3. Be2 Nf6 4. d3 d5 5. Nbd2 g6 6. 0-0 Bg7 7. Re1 0-0 8. exd5 Nxd5 9. a4 b6 10. c3 Qc7 11. Bf1 Bb7 12. Qc2 Rad8 13. Nc4 h6 14. Bd2 Rd7 15. Rad1 Rfd8 16. Bc1 a6 17. Qb3 e5 18. g3 Ba8 19. Bh3 Re7 20. Bg2 Kh7 21. h4 Qb8 22. h5 b5 23. hxg6+ fxg6 24. axb5 axb5 25. Ne3 Nf6 26. Qc2 Na5 27. Nh4 Bxg2 28. Nexg2 e4 29. dxe4 Rxd1 30. Qxd1 Rxe4 31. Rxe4 Nxe4 32. Qg4 Qe8 33. Nf3 b4 34. cxb4 cxb4 35. Nd2 Qc6 36. Nxe4 Qxc1+ 37. Kh2 Nc6 38. Qd7 h5 39. Nf6+ Kh6 40. Ne8 Bxb2 41. Qf7 Qc2 42. Qf8+ Kh7 43. Qf7+ 1/2-1/2

[Event "GER Seniors Derby 17th"]
[Site "Wesel Undeloh"]
[Date "2018.03.17"]
[Round "5"]
[White "Carstens, Andreas"]
[Black "Hater, Wolfgang"]
[Result "1-0"]
[WhiteElo "2220"]
[BlackElo "1993"]
[PlyCount "97"]
[EventDate "2018.03.15"]
[EventType "swiss"]
[EventRounds "7"]
[EventCountry "GER"]
[SourceTitle "EXT 2019"]
[Source "ChessBase"]
[SourceDate "2018.10.10"]
[SourceVersion "1"]
[SourceVersionDate "2018.10.10"]
[SourceQuality "1"]

1. e4 e5 2. Nf3 Nc6 3. d4 exd4 4. Nxd4 d6 5. Nc3 Nf6 6. Bc4 Be7 7. 0-0 0-0 8. a4 Nxe4 9. Nxe4 d5 10. Nxc6 bxc6 11. Bd3 dxe4 12. Bxe4 Bd6 13. Qh5 g6 14. Qh6 Rb8 15. b3 Bd7 16. Bb2 f6 17. Rad1 Qe7 18. Rfe1 Qg7 19. Qe3 Rbe8 20. Qf3 Bb4 21. c3 Bd6 22. Bxc6 Qh6 23. h3 Bxc6 24. Qxc6 Rxe1+ 25. Rxe1 Kg7 26. Qf3 Qd2 27. Qe2 Qf4 28. g3 Qf5 29. Qe6 Qc2 30. Re2 Qd1+ 31. Kg2 Rf7 32. c4 Qxb3 33. a5 h5 34. a6 Qb6 35. g4 hxg4 36. hxg4 Qc5 37. Qd5 g5 38. Bd4 Qxd5+ 39. cxd5 c6 40. dxc6 Rc7 41. Rc2 Kf7 42. Kf3 Ke6 43. Ke4 Bf4 44. Rc5 Bd6 45. Rc2 Bf4 46. Be3 Bd6 47. f4 Be7 48. Bxa7 Rxa7 49. c7 1-0

[Event "GER Seniors Derby 17th"]
[Site "Wesel Undeloh"]
[Date "2018.03.17"]
[Round "6"]
[White "Hater, Wolfgang"]
[Black "Boehm, Stefan"]
[Result "1/2-1/2"]
[WhiteElo "1993"]
[BlackElo "2056"]
[PlyCount "43"]
[EventDate "2018.03.15"]
[EventType "swiss"]
[EventRounds "7"]
[EventCountry "GER"]
[SourceTitle "EXT 2019"]
[Source "ChessBase"]
[SourceDate "2018.10.10"]
[SourceVersion "1"]
[SourceVersionDate "2018.10.10"]
[SourceQuality "1"]

1. e4 c5 2. Nf3 e6 3. d3 Nc6 4. Be2 g6 5. c3 Bg7 6. Be3 d6 7. Qc1 Bd7 8. h4 h5 9. Nbd2 Rc8 10. a4 Nf6 11. Bg5 Qc7 12. Nc4 Ng4 13. 0-0 b6 14. Re1 0-0 15. Bf4 e5 16. Bd2 Ne7 17. Nh2 Nxh2 18. Kxh2 d5 19. exd5 Nxd5 20. g3 Nf6 21. a5 b5 22. Ne3 1/2-1/2

[Event "GER Seniors Derby 17th"]
[Site "Wesel Undeloh"]
[Date "2018.03.15"]
[Round "1"]
[White "Gerlach, Andreas"]
[Black "Hater, Wolfgang"]
[Result "0-1"]
[WhiteElo "1595"]
[BlackElo "1993"]
[PlyCount "68"]
[EventDate "2018.03.15"]
[EventType "swiss"]
[EventRounds "7"]
[EventCountry "GER"]
[SourceTitle "EXT 2019"]
[Source "ChessBase"]
[SourceDate "2018.10.10"]
[SourceVersion "1"]
[SourceVersionDate "2018.10.10"]
[SourceQuality "1"]

1. c4 e5 2. g3 d6 3. Bg2 c6 4. Nc3 Nf6 5. d3 a5 6. Nf3 Be7 7. 0-0 0-0 8. b3 Bg4 9. Bb2 Qc8 10. Na4 Nbd7 11. Qd2 Re8 12. h3 Bh5 13. g4 Bg6 14. Nh4 Qc7 15. Nxg6 hxg6 16. Rac1 Nh7 17. Nc3 f5 18. f3 Ndf8 19. d4 exd4 20. Qxd4 Ne6 21. Qd2 Rad8 22. Ba3 Nc5 23. Rcd1 Bf6 24. Bb2 Qe7 25. Rfe1 Bh4 26. Rf1 Bg3 27. f4 fxg4 28. Qd4 Nf6 29. hxg4 Nxg4 30. Ne4 Ne6 31. Qc3 Bxf4 32. Bh3 Be5 33. Qxa5 Qh4 34. Nf2 Qg3+ 0-1

[Event "Muensterland Regionalliga 1617"]
[Site "Germany"]
[Date "2017.03.11"]
[Round "7.7"]
[White "Broemmel, Chris"]
[Black "Hater, Wolfgang"]
[Result "0-1"]
[WhiteElo "1779"]
[BlackElo "2024"]
[PlyCount "90"]
[EventDate "2016.09.17"]
[EventType "team"]
[EventRounds "9"]
[EventCountry "GER"]
[SourceTitle "EXT 2018"]
[Source "ChessBase"]
[SourceDate "2017.10.13"]
[SourceVersion "1"]
[SourceVersionDate "2017.10.13"]
[SourceQuality "1"]
[WhiteTeam "Raesfeld Erle"]
[BlackTeam "Suedlohn"]
[WhiteTeamCountry "GER"]
[BlackTeamCountry "GER"]

1. e4 e5 2. Nf3 Nc6 3. Bb5 Nge7 4. d4 exd4 5. Nxd4 d6 6. 0-0 Bd7 7. Be3 Ng6 8. f4 Be7 9. Nd2 0-0 10. Nxc6 Bxc6 11. Bd3 d5 12. exd5 Qxd5 13. Qe2 Bf6 14. Be4 Qd7 15. Bxc6 Qxc6 16. c3 Rfe8 17. Qf2 Nh4 18. Nf3 Nxf3+ 19. Qxf3 Qxf3 20. Rxf3 Rad8 21. Re1 h5 22. Rf2 Kh7 23. g3 Rd5 24. Rfe2 a5 25. Kf2 a4 26. a3 Kg6 27. Rd2 Red8 28. Red1 Rxd2+ 29. Rxd2 Rxd2+ 30. Bxd2 Kf5 31. Kf3 Be7 32. h3 Ke6 33. Ke4 f5+ 34. Kd4 b5 35. Be1 Kd6 36. Bd2 c6 37. Kd3 Kd5 38. Be3 h4 39. Bf2 Bd6 40. gxh4 Bxf4 41. h5 c5 42. Be3 Bxe3 43. Kxe3 Ke5 44. Kf3 f4 45. h4 Kf5 0-1

[Event "Muensterland Regionalliga 1617"]
[Site "Germany"]
[Date "2017.01.14"]
[Round "5.7"]
[White "Schlitter, Klaus"]
[Black "Hater, Wolfgang"]
[Result "1-0"]
[WhiteElo "1884"]
[BlackElo "2024"]
[PlyCount "75"]
[EventDate "2016.09.17"]
[EventType "team"]
[EventRounds "9"]
[EventCountry "GER"]
[SourceTitle "EXT 2018"]
[Source "ChessBase"]
[SourceDate "2017.10.13"]
[SourceVersion "1"]
[SourceVersionDate "2017.10.13"]
[SourceQuality "1"]
[WhiteTeam "Steinfurt"]
[BlackTeam "Suedlohn"]
[WhiteTeamCountry "GER"]
[BlackTeamCountry "GER"]

1. d4 Nf6 2. c4 d6 3. Nf3 Nbd7 4. Bf4 g6 5. e3 Bg7 6. Nc3 0-0 7. Be2 Re8 8. 0-0 Nf8 9. h3 N6d7 10. b4 e5 11. Bg3 f5 12. c5 g5 13. Qb3+ Kh8 14. h4 gxh4 15. Bxh4 Bf6 16. Bxf6+ Nxf6 17. cxd6 cxd6 18. Ng5 Be6 19. Nxe6 Rxe6 20. dxe5 Rxe5 21. Rfd1 Ne8 22. Rac1 a6 23. Bf3 Qe7 24. Nd5 Qg7 25. Nf4 Rb8 26. Qc3 Rb5 27. Rd4 Qe5 28. a4 Rb6 29. a5 Rb5 30. Be2 Nf6 31. Bxb5 axb5 32. Qc7 Qe8 33. Qxd6 Ne4 34. Qd5 Qe7 35. Qxf5 Re8 36. Rc8 Rxc8 37. Qxc8 Nd6 38. Qc5 1-0

[Event "Muensterland Regionalliga 1516"]
[Site "Germany"]
[Date "2016.05.07"]
[Round "9.5"]
[White "Bruemmer, Andreas"]
[Black "Hater, Wolfgang"]
[Result "0-1"]
[WhiteElo "1921"]
[BlackElo "2030"]
[PlyCount "114"]
[EventDate "2015.09.05"]
[EventType "team"]
[EventRounds "9"]
[EventCountry "GER"]
[SourceTitle "EXT 2017"]
[Source "ChessBase"]
[SourceDate "2016.10.25"]
[SourceVersion "1"]
[SourceVersionDate "2016.10.25"]
[SourceQuality "1"]
[WhiteTeam "Rheine Klein Berlin"]
[BlackTeam "Suedlohn"]
[WhiteTeamCountry "GER"]
[BlackTeamCountry "GER"]

1. c4 d6 2. Nc3 e5 3. g3 Nd7 4. Bg2 Ngf6 5. e3 Be7 6. Nge2 a5 7. 0-0 h5 8. h3 c6 9. d4 Qc7 10. f4 exd4 11. Nxd4 Nc5 12. b3 Bd7 13. e4 g6 14. f5 Nh7 15. fxg6 fxg6 16. a3 Ng5 17. h4 Nf7 18. Rb1 0-0 19. b4 axb4 20. axb4 Ne6 21. Nf3 Bf6 22. Qb3 Ne5 23. Bh6 Ng4 24. Bxf8 Rxf8 25. Ne2 Kg7 26. Qd3 Bc8 27. Qd2 Qb6+ 28. Kh1 Nf2+ 29. Rxf2 Qxf2 30. Rf1 Qb6 31. Ne1 Nd4 32. Nxd4 Qxd4 33. Qxd4 Bxd4 34. Nc2 Bf2 35. Kh2 Bg4 36. Rb1 Be2 37. c5 Bd3 38. Rb2 dxc5 39. bxc5 Rf7 40. Nb4 Bb5 41. Rc2 Be1 42. Na2 Rf2 43. Rc1 Bd2 44. Rd1 Bd3 45. Nc1 Bc2 46. Rg1 Bxe4 47. Nb3 Bd5 48. Nxd2 Rxd2 49. Kh1 Rxg2 50. Rxg2 Kf6 51. Kg1 Bxg2 52. Kxg2 Ke5 53. Kf3 Kd5 54. Kf4 Kxc5 55. Kg5 b5 56. Kxg6 b4 57. Kxh5 b3 0-1

[Event "Muensterland Regionalliga 1516"]
[Site "Germany"]
[Date "2016.01.30"]
[Round "6.4"]
[White "Virnyi, Julius"]
[Black "Hater, Wolfgang"]
[Result "0-1"]
[WhiteElo "2087"]
[BlackElo "2030"]
[PlyCount "92"]
[EventDate "2015.09.05"]
[EventType "team"]
[EventRounds "9"]
[EventCountry "GER"]
[SourceTitle "EXT 2017"]
[Source "ChessBase"]
[SourceDate "2016.10.25"]
[SourceVersion "1"]
[SourceVersionDate "2016.10.25"]
[SourceQuality "1"]
[WhiteTeam "Muenster SK II"]
[BlackTeam "Suedlohn"]
[WhiteTeamCountry "GER"]
[BlackTeamCountry "GER"]

1. d4 Nf6 2. Nf3 d6 3. c4 Nbd7 4. Nc3 e5 5. e4 Be7 6. Be2 c6 7. 0-0 exd4 8. Nxd4 Nc5 9. f3 a5 10. Be3 0-0 11. Qd2 g6 12. Rad1 Nfd7 13. Rfe1 Re8 14. Nc2 a4 15. Bf1 Qa5 16. Bd4 Ne6 17. Be3 Ne5 18. Qf2 Nc5 19. h3 f6 20. f4 Nf7 21. Bd4 Qc7 22. Qh4 Nd7 23. Qg3 Nf8 24. Ne3 Ne6 25. f5 Nf8 26. Ng4 Ne5 27. Nxe5 dxe5 28. Be3 a3 29. b3 Kh8 30. fxg6 Nxg6 31. Qf2 Be6 32. Kh2 Rg8 33. g3 Raf8 34. Bd3 Bb4 35. Bd2 Qc8 36. g4 Nf4 37. Bxf4 exf4 38. Rc1 Bxg4 39. hxg4 Qxg4 40. Be2 f3 41. Bxf3 Qf4+ 42. Kh1 Bd6 43. Rc2 Qh6+ 44. Qh2 Bxh2 45. Rxh2 Qf4 46. Bg2 Qd2 0-1

[Event "Muensterland Regionalliga 1516"]
[Site "Germany"]
[Date "2016.01.09"]
[Round "5.6"]
[White "Hater, Wolfgang"]
[Black "Loedding, Detlef"]
[Result "0-1"]
[WhiteElo "2030"]
[BlackElo "1865"]
[PlyCount "106"]
[EventDate "2015.09.05"]
[EventType "team"]
[EventRounds "9"]
[EventCountry "GER"]
[SourceTitle "EXT 2017"]
[Source "ChessBase"]
[SourceDate "2016.10.25"]
[SourceVersion "1"]
[SourceVersionDate "2016.10.25"]
[SourceQuality "1"]
[WhiteTeam "Suedlohn"]
[BlackTeam "Duelmen"]
[WhiteTeamCountry "GER"]
[BlackTeamCountry "GER"]

1. e4 c5 2. Be2 Nc6 3. d3 Nf6 4. Nd2 g6 5. c3 Bg7 6. Ngf3 d5 7. 0-0 0-0 8. Re1 e6 9. a3 a5 10. e5 Nd7 11. d4 f6 12. exf6 Qxf6 13. dxc5 Nxc5 14. Nf1 a4 15. Ng3 Qf7 16. Be3 Nb3 17. Rb1 e5 18. Ng5 Qd7 19. h3 Ne7 20. Bg4 Qc6 21. Nf3 Nf5 22. Nf1 h5 23. Bg5 Re8 24. Bxf5 Bxf5 25. Nh4 Bxb1 26. Qxb1 e4 27. Ne3 Nc5 28. Nc2 Nd3 29. Rf1 Re6 30. Be3 Qb5 31. Qa2 Rd8 32. Rb1 Qc4 33. Qa1 Qb3 34. Nd4 Bxd4 35. Bxd4 Rf8 36. Rf1 Qxb2 37. Qd1 Qxa3 38. Qd2 Kh7 39. g3 Qe7 40. f4 Ref6 41. Rb1 Ra6 42. f5 gxf5 43. Ng2 Rf7 44. Qe2 Rh6 45. Be3 Qd6 46. Nf4 Nxf4 47. Bxf4 Qc5+ 48. Kh2 Qxc3 49. Bxh6 Kxh6 50. Rb6+ Rf6 51. Rxb7 e3 52. Qf3 Qd2+ 53. Kg1 e2 0-1

[Event "Muensterland Regionalliga 1415"]
[Site "Germany"]
[Date "2015.04.25"]
[Round "8.5"]
[White "Hater, Wolfgang"]
[Black "Hiller, Simon"]
[Result "1/2-1/2"]
[WhiteElo "2066"]
[BlackElo "2000"]
[PlyCount "84"]
[EventDate "2014.09.20"]
[EventType "team-tourn"]
[EventRounds "9"]
[EventCountry "GER"]
[SourceTitle "EXT 2016"]
[Source "ChessBase"]
[SourceDate "2015.10.08"]
[SourceVersion "1"]
[SourceVersionDate "2015.10.08"]
[SourceQuality "1"]
[WhiteTeam "Suedlohn"]
[BlackTeam "Emsdetten Rochade"]
[WhiteTeamCountry "GER"]
[BlackTeamCountry "GER"]

1. e4 c6 2. d3 d5 3. Nd2 e5 4. Ngf3 Bd6 5. d4 exd4 6. exd5 Nf6 7. Nxd4 Nxd5 8. Qe2+ Be7 9. Qf3 0-0 10. c3 Re8 11. Be2 Nd7 12. 0-0 Bd6 13. Nc4 Bc7 14. Bd3 Nc5 15. Bc2 Qh4 16. g3 Qh3 17. Ne3 Nf6 18. Nef5 Ng4 19. Qg2 Qxg2+ 20. Kxg2 Bd7 21. Bd2 Ne6 22. Nf3 c5 23. h3 Nf6 24. Kg1 Bc6 25. N5h4 Ne4 26. Be3 Nd6 27. Nd2 Rad8 28. Rfe1 Bd5 29. a4 h6 30. Nhf3 Nc4 31. Nxc4 Bxf3 32. a5 Bc6 33. h4 Bd5 34. Nd2 Rf8 35. Nb3 b6 36. a6 f5 37. f4 g5 38. hxg5 hxg5 39. Rf1 Rd7 40. Rad1 gxf4 41. gxf4 Rg7+ 42. Kf2 Nxf4 1/2-1/2

[Event "Muensterland Regionalliga 1415"]
[Site "Germany"]
[Date "2014.11.22"]
[Round "3.6"]
[White "Rebber, Christian"]
[Black "Hater, Wolfgang"]
[Result "1/2-1/2"]
[WhiteElo "1881"]
[BlackElo "2066"]
[PlyCount "132"]
[EventDate "2014.09.20"]
[EventType "team-tourn"]
[EventRounds "9"]
[EventCountry "GER"]
[SourceTitle "EXT 2016"]
[Source "ChessBase"]
[SourceDate "2015.10.08"]
[SourceVersion "1"]
[SourceVersionDate "2015.10.08"]
[SourceQuality "1"]
[WhiteTeam "Duelmen"]
[BlackTeam "Suedlohn"]
[WhiteTeamCountry "GER"]
[BlackTeamCountry "GER"]

1. e4 e5 2. Nf3 Nc6 3. d4 exd4 4. Nxd4 d6 5. Nc3 Nf6 6. Bb5 Bd7 7. 0-0 Be7 8. Re1 0-0 9. b3 Re8 10. Bb2 a6 11. Bf1 Ne5 12. h3 Ng6 13. Nf5 Bxf5 14. exf5 Ne5 15. f4 Ned7 16. g4 Nb6 17. g5 Nfd7 18. Nd5 Nxd5 19. Qxd5 c6 20. Qd2 d5 21. Kh1 Qb6 22. Qg2 Bb4 23. c3 Bd6 24. f6 Nc5 25. fxg7 Ne4 26. Qf3 Qc7 27. Bd3 Bxf4 28. Bxe4 dxe4 29. Rxe4 Rxe4 30. Qxe4 Bxg5 31. Rg1 Qe7 32. Qxe7 Bxe7 33. c4 f6 34. Rd1 Rd8 35. Re1 Kf7 36. Rg1 Rg8 37. Rd1 Rxg7 38. Rd7 Ke6 39. Rxb7 Rg3 40. Ra7 Rd3 41. Rxa6 Rd1+ 42. Kg2 Rd2+ 43. Kf3 Rxb2 44. Rxc6+ Ke5 45. Ra6 Bb4 46. Rb6 Bc5 47. Rb5 Kd6 48. a4 f5 49. Kg3 h5 50. a5 Kc6 51. h4 Bd6+ 52. Kf3 f4 53. a6 Ra2 54. Rxh5 Rxa6 55. Rb5 Ra2 56. h5 Rh2 57. Ke4 Rh3 58. Kd4 Re3 59. h6 Rh3 60. Rf5 Rxh6 61. b4 Re6 62. b5+ Kb7 63. c5 Be5+ 64. Kd5 Re7 65. Rf8 Bc7 66. b6 Bxb6 1/2-1/2

[Event "NRW Class1 1314"]
[Site "Germany"]
[Date "2014.04.27"]
[Round "9.5"]
[White "Schaffarczyk, Andre"]
[Black "Hater, Wolfgang"]
[Result "1/2-1/2"]
[WhiteElo "2027"]
[BlackElo "2056"]
[PlyCount "84"]
[EventDate "2013.09.15"]
[EventType "team-tourn"]
[EventRounds "9"]
[EventCountry "GER"]
[SourceTitle "EXT 2015"]
[Source "ChessBase"]
[SourceDate "2014.11.20"]
[SourceVersion "1"]
[SourceVersionDate "2014.11.20"]
[SourceQuality "1"]
[WhiteTeam "Lieme"]
[BlackTeam "Suedlohn"]
[WhiteTeamCountry "GER"]
[BlackTeamCountry "GER"]

1. e4 e5 2. Nf3 Nc6 3. d4 exd4 4. Nxd4 d6 5. Bb5 Bd7 6. 0-0 Nf6 7. Nc3 Be7 8. Re1 0-0 9. Bxc6 Bxc6 10. Qf3 Nd7 11. Nf5 Bf6 12. Bd2 Re8 13. Re3 Ne5 14. Qe2 Ng6 15. Rh3 Nf8 16. Qg4 g6 17. Re1 Ne6 18. Ree3 Bg5 19. Nd5 h5 20. Bc3 Bxd5 21. Rxh5 Bf6 22. exd5 Ng7 23. Nxg7 Rxe3 24. fxe3 Bxc3 25. bxc3 Kxg7 26. Qd4+ f6 27. Rh3 Qg8 28. c4 b6 29. Qg4 Rf8 30. Qf4 Re8 31. Qh6+ Kf7 32. Rf3 Qg7 33. Qh3 f5 34. g4 Qa1+ 35. Kg2 Rg8 36. Qh7+ Rg7 37. Qh8 Qd1 38. Qd8 Qxc2+ 39. Kg3 Qxc4 40. Qd7+ Kg8 41. Qd8+ Kh7 42. Qh4+ Kg8 1/2-1/2

[Event "NRW Class1 1314"]
[Site "Germany"]
[Date "2014.03.09"]
[Round "7.4"]
[White "Hater, Wolfgang"]
[Black "Rosen, Willy"]
[Result "1/2-1/2"]
[WhiteElo "2056"]
[BlackElo "2183"]
[PlyCount "94"]
[EventDate "2013.09.15"]
[EventType "team-tourn"]
[EventRounds "9"]
[EventCountry "GER"]
[SourceTitle "EXT 2015"]
[Source "ChessBase"]
[SourceDate "2014.11.20"]
[SourceVersion "1"]
[SourceVersionDate "2014.11.20"]
[SourceQuality "1"]
[WhiteTeam "Suedlohn"]
[BlackTeam "Katernberg II"]
[WhiteTeamCountry "GER"]
[BlackTeamCountry "GER"]

1. e4 c5 2. Nf3 Nc6 3. Be2 Nf6 4. d3 d5 5. Nbd2 e6 6. 0-0 Be7 7. c3 0-0 8. e5 Nd7 9. d4 f5 10. exf6 Bxf6 11. dxc5 Nxc5 12. Nb3 Nxb3 13. Qxb3 Na5 14. Qc2 e5 15. c4 Qc7 16. Ng5 e4 17. Qd1 dxc4 18. Nxe4 Be6 19. Ng5 Bf7 20. Be3 Rad8 21. Qc1 b5 22. Re1 Rfe8 23. Nxf7 Qxf7 24. Qc2 Nc6 25. Rad1 Nd4 26. Bxd4 Bxd4 27. Bf3 Rxe1+ 28. Rxe1 Qf6 29. Re2 Bxb2 30. h4 Ba3 31. h5 Qf4 32. Bc6 a6 33. g3 Qc1+ 34. Qxc1 Bxc1 35. a4 c3 36. axb5 Bd2 37. Be4 axb5 38. Bc2 Rd4 39. Re4 Rd6 40. Kf1 Kf7 41. Rb4 h6 42. Rxb5 Bg5 43. Re5 Kf8 44. Rc5 Bf6 45. Rc7 Rd2 46. Bg6 Bd4 47. f4 Bf6 1/2-1/2

[Event "NRW Class1 1314"]
[Site "Germany"]
[Date "2014.01.12"]
[Round "5.5"]
[White "Danielmeier, Ralf"]
[Black "Hater, Wolfgang"]
[Result "0-1"]
[WhiteElo "2023"]
[BlackElo "2056"]
[PlyCount "74"]
[EventDate "2013.09.15"]
[EventType "team-tourn"]
[EventRounds "9"]
[EventCountry "GER"]
[SourceTitle "EXT 2015"]
[Source "ChessBase"]
[SourceDate "2014.11.20"]
[SourceVersion "1"]
[SourceVersionDate "2014.11.20"]
[SourceQuality "1"]
[WhiteTeam "Bielefeld"]
[BlackTeam "Suedlohn"]
[WhiteTeamCountry "GER"]
[BlackTeamCountry "GER"]

1. e4 e5 2. Bc4 Be7 3. Nc3 d6 4. d3 Nf6 5. f4 c6 6. Nf3 b5 7. Bb3 Nbd7 8. 0-0 0-0 9. a3 a5 10. d4 Qc7 11. Kh1 exd4 12. Nxd4 Nc5 13. e5 Nxb3 14. exf6 Nxa1 15. fxe7 Re8 16. Bd2 b4 17. Ne4 Rxe7 18. Qf3 d5 19. Ng3 c5 20. Ndf5 Bxf5 21. Nxf5 Nxc2 22. Nxe7+ Qxe7 23. Rc1 Nd4 24. Qxd5 Rd8 25. Qc4 h6 26. Re1 Qd6 27. h3 Nf3 28. gxf3 Qxd2 29. Re2 Qd1+ 30. Kg2 Rd6 31. Re8+ Kh7 32. Qe4+ Rg6+ 33. Kf2 Qd2+ 34. Kf1 Qc1+ 35. Kf2 Qxb2+ 36. Kf1 bxa3 37. Qa8 Qb1+ 0-1

[Event "Muensterland Verbandsliga 1213"]
[Site "Germany"]
[Date "2013.03.09"]
[Round "7.4"]
[White "Hater, Wolfgang"]
[Black "Bergemann, Martin"]
[Result "1/2-1/2"]
[WhiteElo "2052"]
[BlackElo "1868"]
[PlyCount "58"]
[EventDate "2012.09.22"]
[EventType "team-tourn"]
[EventRounds "9"]
[EventCountry "GER"]
[SourceTitle "EXT 2015"]
[Source "ChessBase"]
[SourceDate "2014.11.20"]
[SourceVersion "1"]
[SourceVersionDate "2014.11.20"]
[SourceQuality "1"]
[WhiteTeam "Suedlohn"]
[BlackTeam "Raesfeld Erle"]
[WhiteTeamCountry "GER"]
[BlackTeamCountry "GER"]

1. e4 c5 2. Nf3 Nc6 3. d3 g6 4. Be2 Bg7 5. c3 Nf6 6. 0-0 0-0 7. Re1 b6 8. h3 e5 9. Be3 d5 10. exd5 Nxd5 11. Bg5 f6 12. Bc1 Bb7 13. a4 Qd7 14. Na3 Rad8 15. Qc2 Rfe8 16. Nc4 Nf4 17. Bxf4 exf4 18. Bf1 Kf8 19. Nfd2 Ne5 20. Nxe5 Rxe5 21. Rxe5 fxe5 22. a5 b5 23. a6 Bc6 24. Ne4 Qd5 25. Re1 Kf7 26. c4 bxc4 27. d4 Qxd4 28. Bxc4+ Ke7 29. Bb3 Bb5 1/2-1/2

[Event "Muensterland Verbandsliga 1112"]
[Site "Germany"]
[Date "2012.03.17"]
[Round "8.5"]
[White "Kemper, Georg"]
[Black "Hater, Wolfgang"]
[Result "1-0"]
[WhiteElo "1928"]
[BlackElo "2058"]
[PlyCount "164"]
[EventDate "2011.09.24"]
[EventType "team-tourn"]
[EventRounds "9"]
[EventCountry "GER"]
[SourceTitle "EXT 2013"]
[Source "ChessBase"]
[SourceDate "2012.11.22"]
[SourceVersion "1"]
[SourceVersionDate "2012.11.22"]
[SourceQuality "1"]
[WhiteTeam "Nienberge"]
[BlackTeam "Suedlohn"]
[WhiteTeamCountry "GER"]
[BlackTeamCountry "GER"]

1. d4 Nf6 2. c4 d6 3. Nf3 Nbd7 4. g3 e5 5. Bg2 Be7 6. Nc3 c6 7. 0-0 Qc7 8. e4 0-0 9. h3 a6 10. a4 a5 11. Be3 exd4 12. Nxd4 Re8 13. b3 Bf8 14. Qc2 Nc5 15. Rad1 g6 16. f4 Nfxe4 17. Nxe4 Nxe4 18. Bxe4 Qe7 19. Rfe1 Qxe4 20. Qf2 Qe7 21. f5 Qf6 22. g4 Qd8 23. h4 Bd7 24. Rf1 Rxe3 25. Qxe3 Qxh4 26. Qf3 Qf6 27. Ne2 Re8 28. Ng3 d5 29. cxd5 Bc5+ 30. Kg2 Re3 31. Qf4 cxd5 32. fxg6 Qxg6 33. Nf5 Bxf5 34. Qxf5 Re2+ 35. Kf3 Qxf5+ 36. gxf5 Re3+ 37. Kf4 d4 38. f6 Bd6+ 39. Kf5 Re5+ 40. Kg4 h5+ 41. Kh4 Rd5 42. Rg1+ Kf8 43. Rg5 Rxg5 44. Kxg5 Bc5 45. Rh1 d3 46. Kf4 d2 47. Rxh5 Kg8 48. Rd5 Bb4 49. Kg5 Kh7 50. Rd7 Kh8 51. Kf4 Kh7 52. Rxf7+ Kg6 53. Rd7 Kxf6 54. Ke3 Ke6 55. Rd8 Be7 56. Rd3 Bg5+ 57. Ke2 b6 58. Rg3 Kf6 59. Rc3 Ke7 60. Rd3 Ke6 61. Kd1 Bf4 62. Ke2 Bg5 63. Rd4 Bh6 64. Rd8 Ke7 65. Rg8 Kf7 66. Rb8 Be3 67. Rd8 Ke7 68. Rd5 Ke6 69. Rd8 Ke7 70. Rd3 Bg5 71. Kd1 Ke6 72. Kc2 Bf4 73. Kc3 Ke5 74. Kc2 Ke6 75. Kd1 Bg5 76. Ke2 Ke7 77. Rd5 Bf4 78. Rb5 Bc7 79. Kxd2 Kd6 80. Kd3 Kc6 81. Kc4 Bg3 82. Rg5 Bf2 1-0

[Event "Muensterland Verbandsliga 1011"]
[Site "Germany"]
[Date "2011.02.05"]
[Round "6.4"]
[White "Hater, Wolfgang"]
[Black "Ollech, Dirk"]
[Result "1-0"]
[WhiteElo "2072"]
[BlackElo "1856"]
[PlyCount "87"]
[EventDate "2010.09.25"]
[EventType "team-tourn"]
[EventRounds "9"]
[EventCountry "GER"]
[SourceTitle "EXT 2012"]
[Source "ChessBase"]
[SourceDate "2011.11.24"]
[SourceVersion "1"]
[SourceVersionDate "2011.11.24"]
[SourceQuality "1"]
[WhiteTeam "Suedlohn"]
[BlackTeam "Muenster Indische Dame"]
[WhiteTeamCountry "GER"]
[BlackTeamCountry "GER"]

1. e4 c5 2. Nf3 d6 3. Be2 Nf6 4. d3 Nc6 5. c3 e6 6. 0-0 Be7 7. Re1 0-0 8. Bf1 d5 9. Nbd2 dxe4 10. dxe4 e5 11. Qc2 Bg4 12. h3 Bh5 13. a4 Qc7 14. a5 Rab8 15. Qa4 Nd7 16. Be2 Bg6 17. Bb5 Rbc8 18. Nf1 Nf6 19. a6 bxa6 20. Bxa6 Rb8 21. N1d2 Nd7 22. Qa2 Kh8 23. Nf1 f6 24. Nh4 Bf7 25. Bc4 Bxc4 26. Qxc4 Nb6 27. Qe2 c4 28. Ne3 Nd8 29. Rd1 Ne6 30. Nd5 Nxd5 31. exd5 Nf4 32. Bxf4 exf4 33. Nf5 Bc5 34. d6 Qd7 35. Rd5 Bb6 36. Rad1 Bd8 37. R1d2 Re8 38. Qxc4 Re1+ 39. Kh2 Bb6 40. Qxf4 Rbe8 41. Ne7 Bd8 42. Qf5 Qa4 43. R5d4 Qa5 44. Qxh7+ 1-0